Wissenschaftliche Erkenntnis und gesellschaftliche Praxis: Anwendungsprobleme der Erziehungswissenschaft in unterschiedlichen Praxisfeldern
| Main Author: | |
|---|---|
| Format: | Print Book |
| Language: | German |
| Published: |
Weinheim
Dt. Studien Verl.
1987
|
| In: |
Beiträge zur Theorie und Geschichte der Erziehungswissenschaft (2)
Year: 1987 |
| Online Access: |
Table of Contents Table of Contents |
| Check availability: | HBZ Gateway |
| Subito Delivery Service: | Order now. |
| Keywords: |
MARC
| LEADER | 00000cam a2200000 c 4500 | ||
|---|---|---|---|
| 001 | 020199465 | ||
| 003 | DE-627 | ||
| 005 | 20260206193707.0 | ||
| 007 | tu | ||
| 008 | 920101s1987 gw ||||| m 00| ||ger c | ||
| 015 | |a 87,N14,0210 |2 dnb | ||
| 015 | |a 87,A44,0437 |2 dnb | ||
| 016 | 7 | |a 870440012 |2 DE-101 | |
| 020 | |a 3892710236 |c kart : DM 48.00 |9 3-89271-023-6 | ||
| 035 | |a (DE-627)020199465 | ||
| 035 | |a (DE-603)005671078 | ||
| 035 | |a (DE-576)014043580 | ||
| 035 | |a (DE-599)GBV020199465 | ||
| 035 | |a (OCoLC)230853297 | ||
| 035 | |a (OCoLC)64564522 | ||
| 035 | |a (AT-OBV)AC01654477 | ||
| 040 | |a DE-627 |b ger |c DE-627 |e rakwb | ||
| 041 | |a ger | ||
| 044 | |c XA-DE | ||
| 050 | 0 | |a IN PROCESS (ONLINE) | |
| 084 | |a 22 |2 sdnb | ||
| 084 | |a DF 7000 |2 rvk |0 (DE-625)rvk/19549:761 | ||
| 084 | |a DF 3000 |2 rvk |0 (DE-625)rvk/19545:761 | ||
| 084 | |a DF 7000 |2 rvk |0 (DE-625)rvk/19549:761 | ||
| 084 | |a 80.02 |2 bkl | ||
| 100 | 1 | |a Drerup, Heiner |d 1945- |0 (DE-588)120480158 |0 (DE-627)080701639 |0 (DE-576)292242328 |4 aut | |
| 109 | |a Drerup, Heiner 1945- | ||
| 245 | 1 | 0 | |a Wissenschaftliche Erkenntnis und gesellschaftliche Praxis |b Anwendungsprobleme der Erziehungswissenschaft in unterschiedlichen Praxisfeldern |c Heiner Drerup |
| 264 | 1 | |a Weinheim |b Dt. Studien Verl. |c 1987 | |
| 300 | |a XVI, 262 S. |b graph. Darst. |c 21 cm | ||
| 336 | |a Text |b txt |2 rdacontent | ||
| 337 | |a ohne Hilfsmittel zu benutzen |b n |2 rdamedia | ||
| 338 | |a Band |b nc |2 rdacarrier | ||
| 490 | 1 | |a Beiträge zur Theorie und Geschichte der Erziehungswissenschaft |v Bd. 2 | |
| 502 | |a Zugl.: Köln, Univ., Habil.-Schr., 1985 | ||
| 583 | 1 | |a Archivierung/Langzeitarchivierung gewährleistet |f PEBW |x XA-DE-BW |2 pdager |5 DE-31 | |
| 650 | 0 | |a Education | |
| 650 | 0 | |a Teachers, training of | |
| 650 | 0 | |a Social Sciences | |
| 650 | 0 | 7 | |0 (DE-588)4059787-8 |0 (DE-627)106142275 |0 (DE-576)209132256 |a Theorie |2 gnd |
| 650 | 0 | 7 | |0 (DE-588)4047068-4 |0 (DE-627)106195859 |0 (DE-576)209072113 |a Praxis |2 gnd |
| 650 | 4 | |a Erziehungswissenschaft | |
| 650 | 4 | |a Bildungsforschung | |
| 650 | 4 | |a Politikberatung | |
| 650 | 4 | |a Technologie | |
| 650 | 4 | |a Lehrerbildung | |
| 650 | 4 | |a Bildungsforschung, Diskussion, Explikation, Pädagogik, Schulpolitik | |
| 655 | 7 | |a Hochschulschrift |0 (DE-588)4113937-9 |0 (DE-627)105825778 |0 (DE-576)209480580 |2 gnd-content | |
| 689 | 0 | 0 | |d s |0 (DE-588)4035093-9 |0 (DE-627)106249398 |0 (DE-576)20901072X |a Lehrerbildung |2 gnd |
| 689 | 0 | 1 | |d s |0 (DE-588)4059787-8 |0 (DE-627)106142275 |0 (DE-576)209132256 |a Theorie |2 gnd |
| 689 | 0 | |5 DE-101 | |
| 689 | 1 | 0 | |d s |0 (DE-588)4047068-4 |0 (DE-627)106195859 |0 (DE-576)209072113 |a Praxis |2 gnd |
| 689 | 1 | |5 (DE-627) | |
| 751 | |a Köln |0 (DE-588)4031483-2 |0 (DE-627)106265458 |0 (DE-576)208992669 |4 uvp | ||
| 830 | 0 | |a Beiträge zur Theorie und Geschichte der Erziehungswissenschaft |v 2 |9 2 |w (DE-627)165848413 |w (DE-576)014158191 |w (DE-600)24783-2 |7 am | |
| 856 | 4 | 2 | |u http://www.gbv.de/dms/hebis-darmstadt/toc/5671078.pdf |m V:DE-603 |m B:DE-17 |q pdf/application |x Verlag |y Inhaltsverzeichnis |3 Inhaltsverzeichnis |7 1 |
| 856 | 4 | 2 | |u http://scans.hebis.de/HEBCGI/show.pl?00567107_toc.pdf |m V:DE-603;B:DE-17 |q application/pdf |3 Inhaltsverzeichnis |7 1 |
| 889 | |w (DE-627)273802461 | ||
| 935 | |i Blocktest | ||
| 935 | |h HEB |i 0501 | ||
| 935 | |h HEB |i 0503 | ||
| 936 | r | v | |a DF 7000 |b Allgemeines und Deutschland |k Pädagogik |k Systematische Pädagogik |k Erziehungspraxis |k Allgemeines und Deutschland |0 (DE-627)1270769448 |0 (DE-625)rvk/19549:761 |0 (DE-576)200769448 |
| 936 | r | v | |a DF 3000 |b Allgemeines und Deutschland |k Pädagogik |k Systematische Pädagogik |k Philosophie und Theorie der Pädagogik und der Erziehungsstile, Reformpädagogik |k Allgemeines und Deutschland |0 (DE-627)1270707000 |0 (DE-625)rvk/19545:761 |0 (DE-576)200707000 |
| 936 | r | v | |a DF 7000 |b Allgemeines und Deutschland |k Pädagogik |k Systematische Pädagogik |k Erziehungspraxis |k Allgemeines und Deutschland |0 (DE-627)1270769448 |0 (DE-625)rvk/19549:761 |0 (DE-576)200769448 |
| 936 | b | k | |a 80.02 |j Philosophie und Theorie der Pädagogik |0 (DE-627)106414437 |
| 936 | s | n | |a d100 |2 mzub |
| 951 | |a BO | ||
| ELC | |b 1 | ||
| LOK | |0 000 xxxxxcx a22 zn 4500 | ||
| LOK | |0 001 3290676749 | ||
| LOK | |0 003 DE-627 | ||
| LOK | |0 004 020199465 | ||
| LOK | |0 005 20140819093542 | ||
| LOK | |0 008 130606||||||||||||||||ger||||||| | ||
| LOK | |0 040 |a DE-21-110 |c DE-627 |d DE-21-110 | ||
| LOK | |0 689 |a s |a Therorie-Praxis | ||
| LOK | |0 689 |a s |a Politikberatung | ||
| LOK | |0 689 |a s |a Anwendungsorientierte Forschung | ||
| LOK | |0 689 |a s |a Erziehungswissenschaft | ||
| LOK | |0 852 |z Kein Bestand am IfK; Nachweis für KrimDok | ||
| LOK | |0 852 |a DE-21-110 | ||
| LOK | |0 852 1 |m v |9 00 | ||
| LOK | |0 935 |a k110 | ||
| LOK | |0 938 |k v | ||
| LOK | |0 939 |a 06-06-13 |b l01 | ||
| ORI | |a SA-MARC-krimdoka001.raw | ||
